Global environmental, social and economic crises: voluntary corporate activities as a possible solution
Globálna kríza a neregulované pôsobenie a správanie sa firiem ako faktor vedúci k týmto krízam. Kríza v ekonomickej, sociálnej a ekologickej oblasti
Uložené v:
| Hlavný autor: | |
|---|---|
| Ďalší autori: | |
| Médium: | Kapitola |
| Jazyk: | English |
| Predmet: | |
| Tagy: |
Žiadne tagy, Buďte prvý, kto otaguje tento záznam!
|
MARC
| LEADER | 00000naa a2200000 4500 | ||
|---|---|---|---|
| 001 | 0167998 | ||
| 005 | 20231204085729.3 | ||
| 041 | 0 | |a eng | |
| 044 | |a CZ | ||
| 245 | 1 | 0 | |a Global environmental, social and economic crises: voluntary corporate activities as a possible solution |c Marie Dočekalová, Alena Kocmanová |
| 520 | |a Globálna kríza a neregulované pôsobenie a správanie sa firiem ako faktor vedúci k týmto krízam. Kríza v ekonomickej, sociálnej a ekologickej oblasti | ||
| 610 | 2 | 0 | |a kríza hospodárska |
| 610 | 2 | 0 | |a ekológia |
| 610 | 2 | 0 | |a správa spoločnosti |
| 610 | 2 | 0 | |a podnikanie |
| 610 | 2 | 0 | |a deregulácia |
| 100 | 1 | |a Dočekalová, Marie | |
| 700 | 1 | |a Kocmanová, Alena | |